| 000 | 01338nam0a2200349 4500 | ||
|---|---|---|---|
| 001 | RU\NLR\bibl\878118 | ||
| 005 | 20250614164015.0 | ||
| 021 |
_aRU _b2005-45083 _92218 |
||
| 035 | _a(nilc)RSL-KNO-002686107 | ||
| 035 | _a(NLR Aleph) 000866701 | ||
| 090 |
_a1573788 _c1573788 |
||
| 100 | _a20050712d2005 |||y0rusy50 ca | ||
| 101 | 0 |
_arus _deng |
|
| 102 | _aRU | ||
| 105 | _aa ||||||||| | ||
| 106 | _ar | ||
| 200 | 1 |
_aИспользование метода кристаллизации для получения чистых фуллеренов С60 и С70 _fВ.П. Седов |
|
| 210 |
_aГатчина (Ленингр. обл.) _cИзд-во ПИЯФ РАН _d2005 _gТип. ПИЯФ РАН |
||
| 215 |
_a18 с. _d20 |
||
| 225 | 1 |
_aПрепринт _fРос. акад. наук, Петерб. ин-т ядер. физики им. Б.П. Константинова _vПИЯФ-2005 2613 |
|
| 300 | _aРез. на англ. яз. | ||
| 313 | _aпр-во | ||
| 320 | _aБиблиогр.: с. 17-18 (13 назв.) | ||
| 606 | 1 |
_aФуллерены _xПроизводство _92392452 _3RU\NLR\auth\661426639 |
|
| 686 | _aЛ718 | ||
| 700 | 1 |
_aСедов _bВ. П. _4070 |
|
| 801 | 0 |
_aRU _bRuMoRKP _c20050712 |
|
| 801 | 1 |
_aRU _bRuMoRGB _c20050712 |
|
| 801 | 2 |
_aRU _bNLR _c20051124 _grcr |
|
| 942 | _cBOOK | ||
| 980 | _aNB | ||